Biblioteca y Centro de Documentación

El derecho administrativo global. ¿Un nuevo concepto clave del derecho administrativo? (Registro nro. 47837)

Detalles MARC
000 -CABECERA
Longitud fija campo de control 01070naa a2200253 c 4500
001 - NÚMERO DE CONTROL
Número de control 47837
003 - IDENTIFICADOR DE NÚMERO DE CONTROL
Identificador del número de control ES-MaCES
005 - FECHA Y HORA DE LA ÚLTIMA TRANSACCIÓN
Fecha y hora de la última transacción 20160627095751.0
008 - CAMPO FIJO DE DESCRIPCIÓN FIJA--INFORMACIÓN GENERAL
Códigos de información de longitud fija   160624s2016 sp ||||| t||||||| ||spa d
040 ## - FUENTE DE CATALOGACIÓN
Centro catalogador de origen ES-MaCES
Lengua de catalogación spa
Centro transcriptor ES-MaCES
Centro modificado ES-MaCES
100 1# - ENCABEZAMIENTO PRINCIPAL--NOMBRE PERSONAL
9 (RLIN) 10374
Nombre de persona Darnaculleta i Gardella, Mercè
245 10 - MENCIÓN DE TÍTULO
Título El derecho administrativo global. ¿Un nuevo concepto clave del derecho administrativo?
Mención de responsabilidad, etc. M. Mercé Darnaculleta Gardella
500 ## - NOTA GENERAL
Nota general Resumen
650 #4 - ASIENTO SECUNDARIO DE MATERIA--TÉRMINO DE MATERIA
9 (RLIN) 27214
Término de materia o nombre geográfico como elemento inicial administración pública
650 #4 - ASIENTO SECUNDARIO DE MATERIA--TÉRMINO DE MATERIA
9 (RLIN) 27155
Término de materia o nombre geográfico como elemento inicial derecho administrativo
650 #4 - ASIENTO SECUNDARIO DE MATERIA--TÉRMINO DE MATERIA
9 (RLIN) 27223
Término de materia o nombre geográfico como elemento inicial reforma administrativa
650 #4 - ASIENTO SECUNDARIO DE MATERIA--TÉRMINO DE MATERIA
9 (RLIN) 30591
Término de materia o nombre geográfico como elemento inicial estrategia de gestión
650 #4 - ASIENTO SECUNDARIO DE MATERIA--TÉRMINO DE MATERIA
9 (RLIN) 30888
Término de materia o nombre geográfico como elemento inicial doctrina jurídica
650 #4 - ASIENTO SECUNDARIO DE MATERIA--TÉRMINO DE MATERIA
9 (RLIN) 29894
Término de materia o nombre geográfico como elemento inicial régimen jurídico
653 10 - TÉRMINO DE INDEXACIÓN--NO CONTROLADO
Término no controlado Derecho administrativo
773 0# - ENTRADA DE DOCUMENTO FUENTE
Itemnumber del ítem fuente 84742
Lugar, editor y fecha de publicación Madrid (Pza. de la Marina Española, 9, 28071) Centro de Estudios Constitucionales 1950-
Otro identificador del documento 087640
Título Revista de administración pública
Número de control del registro relacionado (ES-MaCES)25683
Parte(s) relacionada(s) n. 199 (en.-abr. 2016) {10681 R. 087640} ;p.11-49
902 ## - CES. TIPO DE DOCUMENTO
Tipodoc (006$c Sirtex) ART Artículo de revista
942 ## - ELEMENTOS KOHA
Fuente de clasificaión o esquema Clasificación propia del CES
Koha [por defecto] tipo de item Artículos (1982-2017)
Parte de clasificación Derecho Administrativo

No hay ítems disponibles.

© CES, Consejo Económico y Social de España 2021